000
00270nam a2200097Ia 4500
005
20251222114410.0
008
251222s1900||||xx |||||||||||||| ||spa||
082
_a
DVD0155/G27/2007
245
0
_a
Saint John Bosco: mission to love:San Juan Bosco: misión de amor
942
_c
DVD
999
_c
2006
_d
2006